[Event "Fourmies op 35th"]
[Site "Fourmies"]
[Date "2011.06.11"]
[Round "2"]
[White "Van Rekom, Jerry"]
[Black "Van den Bergh, Peter"]
[Result "1/2-1/2"]
[WhiteElo "1925"]
[BlackElo "2127"]
[PlyCount "31"]
[EventDate "2011.06.11"]
[EventType "swiss"]
[EventRounds "7"]
[EventCountry "FRA"]
[SourceTitle "CBM 142 Extra"]
[Source "ChessBase"]
[SourceDate "2011.06.27"]
[SourceVersion "1"]
[SourceVersionDate "2011.06.27"]
[SourceQuality "1"]

1. e4 c6 2. d3 d5 3. Nd2 g6 4. c3 Bg7 5. Ngf3 b6 6. Be2 Nd7 7. exd5 cxd5 8. d4 Qc7 9. 0-0 Ngf6 10. Re1 0-0 11. Nf1 Bb7 12. Ng3 a6 13. a4 Bc6 14. Bd3 Rfe8 15. h4 h5 16. Qc2 1/2-1/2

[Event "Fourmies op 34th"]
[Site "Fourmies"]
[Date "2010.05.23"]
[Round "5"]
[White "Peric, Slavisa"]
[Black "Van Rekom, Jerry"]
[Result "1-0"]
[WhiteElo "2213"]
[BlackElo "1961"]
[PlyCount "62"]
[EventDate "2010.05.22"]
[EventType "swiss"]
[EventRounds "7"]
[EventCountry "FRA"]
[SourceTitle "CBM 136 Extra"]
[Source "ChessBase"]
[SourceDate "2010.07.02"]
[SourceVersion "2"]
[SourceVersionDate "2010.07.15"]
[SourceQuality "1"]

1. d4 d6 2. Nf3 Nd7 3. e4 c6 4. a4 Ngf6 5. Nc3 e5 6. Bc4 Be7 7. Ba2 Qc7 8. 0-0 h6 9. h3 Nf8 10. Be3 Rh7 11. Nd2 g5 12. f3 Ne6 13. Nc4 Bd7 14. Qd2 Nh5 15. Ne2 Rg7 16. dxe5 dxe5 17. Rad1 Nef4 18. Rf2 Bxh3 19. gxh3 Nxh3+ 20. Kf1 Nxf2 21. Kxf2 Rd8 22. Qc1 b5 23. axb5 cxb5 24. Na3 a6 25. Ng3 Nf4 26. Rxd8+ Qxd8 27. Nb1 Rg6 28. Nd2 Qd7 29. Qh1 Bc5 30. Bd5 Qc8 31. Ngf1 a5 1-0